Toronto Subway Stations by Ridership - Statistics

General Stats
  • This quiz has been taken 164 times
  • The average score is 35 of 75
Answer Stats
Rank Subway Station Station Ridership (2022) Station Ridership (2019) Line(s) % Correct
4 Union 91,601 151,463 1
85%
14 Queen 38,827 53,439 1
84%
11 King 40,664 75,784 1
79%
9 Spadina 43,463 51,944 1 & 2
78%
5 Dundas 72,637 78,377 1
72%
2 St. George 210,545 260,647 1 & 2
72%
1 Bloor-Yonge 287,181 456,301 1 & 2
65%
7 Finch 59,364 102,025 1
65%
33 Bay 24,260 34,309 2
64%
10 College 42,883 56,805 1
60%
17 Kipling 31,220 51,824 2
59%
12 St. Andrew 39,775 58,550 1
57%
6 Eglinton 59,802 76,903 1
56%
25 Bathurst 26,234 33,248 2
55%
8 Kennedy 50,503 113,961 2 & 3
55%
53 Museum 14,399 10,865 1
55%
13 Queen's Park 39,543 45,627 1
55%
16 St. Clair 33,574 38,358 1
55%
23 St. Patrick 27,617 30,066 1
55%
39 Islington 21,331 42,930 2
54%
24 Osgoode 27,396 29,066 1
52%
50 Jane 15,349 18,552 2
51%
28 Ossington 25,828 31,316 2
50%
32 Pape 24,708 30,510 2
50%
18 York University 30,112 38,084 1
50%
21 Lawrence 27,847 28,041 1
49%
68 Eglinton West 6,569 20,259 1
48%
51 Christie 15,179 12,215 2
46%
22 Dufferin 27,837 30,442 2
46%
38 Dundas West 21,509 32,471 2
46%
70 Rosedale 4,787 8,543 1
46%
40 Vaughan Metropolitan Centre 21,186 17,146 1
46%
26 Wellesley 26,152 21,571 1
46%
27 Don Mills 26,093 42,598 4
45%
35 Lawrence West 22,975 22,558 1
45%
62 Old Mill 9,319 8,356 2
45%
45 Royal York 18,568 21,395 2
45%
19 York Mills 30,088 28,461 1
45%
46 Keele 17,108 20,300 2
44%
3 Sheppard-Yonge 95,881 134,076 1 & 4
44%
15 St. Clair West 38,700 34,954 1
44%
55 Victoria Park 13,611 37,656 2
44%
57 Warden 12,635 39,024 2
44%
65 Yorkdale 8,900 29,460 1
44%
30 Broadview 25,057 35,011 2
43%
59 High Park 11,802 14,735 2
43%
63 Highway 407 9,042 13,956 1
42%
29 Wilson 25,511 23,519 1
42%
58 Castle Frank 12,470 8,878 2
41%
47 Summerhill 16,269 6,381 1
41%
42 Lansdowne 19,541 18,192 2
40%
31 Main Street 24,918 24,380 2
40%
20 Sherbourne 28,870 30,236 2
40%
67 Bayview 8,149 8,097 4
38%
71 Bessarion 4,269 3,290 4
38%
43 Coxwell 19,148 16,635 2
38%
34 North York Centre 23,768 31,471 1
38%
52 Pioneer Village 14,789 16,684 1
38%
41 Finch West 20,950 20,923 1
37%
69 Leslie 5,920 5,923 4
37%
36 Sheppard West 22,694 26,671 1
37%
54 Davisville 13,973 27,128 1
36%
37 Dupont 22,327 11,114 1
36%
49 Runnymede 15,374 21,386 2
36%
61 Chester 9,995 6,470 2
35%
48 Glencairn 16,118 7,462 1
35%
56 Greenwood 13,568 12,179 2
35%
75 Scarborough Centre N/A 24,399 3
34%
44 Woodbine 18,615 16,083 2
34%
72 McCowan 2,331 3,659 3
32%
74 Ellesmere 1,068 1,993 3
31%
64 Lawrence East 8,968 9,105 3
31%
60 Donlands 11,481 11,886 2
29%
73 Midland 1,293 2,691 3
29%
66 Downsview Park 8,845 3,090 1
27%
No matching quizzes found
Score Distribution
Percent of People with Each Score
Percentile by Number Answered
Your Score History
You have not taken this quiz